00806njm a2200241Ia 450000100060000000300090000600500170001500800410003204000130007304000130008610000190009910000180011810000380013624500680017425000110024226000110025326000670026430000100033150000380034150500760037951100580045565000510051324132IT-RoPAU20220918181203.0131025s9999 xx 000 0 und d aIT-RoPAU cIT-RoPAU aDvorak Antonin eAutore musica gCodice autore musica SPICS: 10772 aSinfonia N. 9 op 95 "Dal nuovo mondo" Carnaval ouverture, op.92 a1a ed. aITALIA bEMI - LA VOCE DEL PADRONEc [1a Ed.: - Ed. Lingua Orig.: 1893] aDISCO aMusica classica. Musica sinfonica aSinfonia N. 9 in mi min op. 95 "Nuovo mondo" - Carnaval ouverture op 92 aOrchestra Philharmonia diretta da Carlo Maria Giulini aSINFONICO [DISCHI]eCodice MATERIA SPICS: 9950